New York Tourist Attractions - Statistics

General Stats
  • This quiz has been taken 1,329 times
  • The average score is 11 of 20
Answer Stats
Description Attraction % Correct
Large statue from the French Statue of Liberty
93%
Urban park in the middle of Manhattan Central Park
92%
Immigration island Ellis Island
81%
Art Deco skyscraper Empire State Building
80%
Street home to the theater Broadway
79%
Famous Supension bridge crossing East River Brooklyn Bridge
79%
Largest station in the world Grand Central Terminal
67%
Arena above Penn Station Madison Square Garden
57%
Cylindrical art museum Solomon R. Guggenheim Museum
57%
Largest art museum in the US Metropolitan Museum of Art
50%
Crossroads of the World Times Square
50%
Home of the ice skating rink Rockefeller Center
45%
NYC's Ivy League University Columbia University
43%
Shopping street of New York Fifth Avenue
41%
Located on International Territory United Nations Headquarters
33%
Famous department store Bloomingdales
29%
Home of the US Open Flushing Meadows
28%
Hotel on the Grand Army _____ Plaza Hotel
22%
Arch South of Fifth Avenue Washington Square Arch
20%
New York's aerial tramway Roosevelt Island Tramway
11%
No matching quizzes found
Score Distribution
Percent of People with Each Score
Percentile by Number Answered
Your Score History
You have not taken this quiz